000 00486nam a22001697a 4500
005 20251108164654.0
008 250721s1984 xx 000 0 ara d
082 1 4 _a811.06/زين
100 1 _aعزب، زينب
245 1 0 _aبردة الرسول صلى الله عليه و سلم :
_bرؤية جديدة /
264 1 _aالقاهرة :
_c1984.
300 _a185 ص
650 1 7 _aالشعر الديني
650 1 7 _aشعر التصوف
942 _2ddc
_cBK
999 _c11466
_d11466